[Event "Gausdal Classics IM"]
[Site "Gausdal"]
[Date "2003.04.08"]
[Round "8"]
[White "Hole, Oystein"]
[Black "Hersvik, Daniel"]
[Result "1-0"]
[WhiteElo "2247"]
[BlackElo "2304"]
[PlyCount "83"]
[EventDate "2003.04.03"]
[EventType "tourn"]
[EventRounds "11"]
[EventCountry "NOR"]
[EventCategory "2"]
[SourceTitle "CBM 093 Extra"]
[Source "ChessBase"]
[SourceDate "2003.05.09"]
[SourceVersion "1"]
[SourceVersionDate "2003.05.09"]
[SourceQuality "1"]

1. Nf3 c5 2. c4 Nc6 3. d4 cxd4 4. Nxd4 Nf6 5. g3 g6 6. Bg2 Bg7 7. 0-0 0-0 8. Nc3 Nxd4 9. Qxd4 d6 10. Qd3 Rb8 11. e4 Be6 12. b3 Nd7 13. Bd2 a6 14. Rac1 Nc5 15. Qe2 Qd7 16. Nd5 b5 17. b4 Na4 18. c5 Rfc8 19. Bg5 Bxd5 20. exd5 dxc5 21. Qxe7 Qxe7 22. Bxe7 Nc3 23. bxc5 Ne2+ 24. Kh1 Nxc1 25. Rxc1 Bb2 26. Rc2 Ba3 27. Bh3 f5 28. g4 Rb7 29. d6 Rxe7 30. dxe7 Kf7 31. gxf5 Rxc5 32. Rxc5 Bxc5 33. f6 Bxe7 34. fxe7 Kxe7 35. Kg2 a5 36. Kf3 a4 37. Ke3 b4 38. Kd3 Kd6 39. Bg2 g5 40. Be4 h5 41. Bg6 h4 42. Be8 1-0

[Event "Gausdal Classics IM"]
[Site "Gausdal"]
[Date "2003.04.07"]
[Round "6"]
[White "Miezis, Normunds"]
[Black "Hersvik, Daniel"]
[Result "1/2-1/2"]
[WhiteElo "2516"]
[BlackElo "2304"]
[PlyCount "92"]
[EventDate "2003.04.03"]
[EventType "tourn"]
[EventRounds "11"]
[EventCountry "NOR"]
[EventCategory "2"]
[SourceTitle "CBM 093 Extra"]
[Source "ChessBase"]
[SourceDate "2003.05.09"]
[SourceVersion "1"]
[SourceVersionDate "2003.05.09"]
[SourceQuality "1"]

1. c4 e6 2. e4 d5 3. exd5 exd5 4. d4 Nf6 5. Nc3 Be7 6. Nf3 0-0 7. Be2 Nc6 8. 0-0 Be6 9. cxd5 Nxd5 10. Re1 a6 11. Bd3 Re8 12. Bc2 Nxc3 13. bxc3 Bf6 14. Bf4 g6 15. Be4 Na5 16. Ne5 c6 17. Qf3 Nc4 18. Rad1 Bd5 19. h3 Bxe4 20. Rxe4 Qd5 21. Rde1 Nxe5 22. dxe5 Bg7 23. c4 Qa5 24. R1e2 Re6 25. Qb3 Qc7 26. c5 Rd8 27. Bg3 Rd5 28. Rb4 Bxe5 29. Rxe5 Rdxe5 30. Kh2 Re7 31. Rd4 Kg7 32. Qc3 f6 33. Rd6 Qc8 34. Bxe5 fxe5 35. f4 Qf5 36. fxe5 Qxe5+ 37. Qxe5+ Rxe5 38. Rd7+ Kh6 39. Rxb7 Rxc5 40. h4 Ra5 41. Rc7 c5 42. g4 g5 43. Rc6+ Kg7 44. hxg5 Rxa2+ 45. Kg3 Ra5 46. Kh4 Ra1 1/2-1/2

[Event "Gausdal Classics IM"]
[Site "Gausdal"]
[Date "2003.04.05"]
[Round "4"]
[White "Hoogendoorn, Joost"]
[Black "Hersvik, Daniel"]
[Result "1-0"]
[WhiteElo "2429"]
[BlackElo "2304"]
[PlyCount "81"]
[EventDate "2003.04.03"]
[EventType "tourn"]
[EventRounds "11"]
[EventCountry "NOR"]
[EventCategory "2"]
[SourceTitle "CBM 093 Extra"]
[Source "ChessBase"]
[SourceDate "2003.05.09"]
[SourceVersion "1"]
[SourceVersionDate "2003.05.09"]
[SourceQuality "1"]

1. e4 c5 2. Nf3 d6 3. d4 cxd4 4. Nxd4 Nf6 5. Nc3 g6 6. Be2 Bg7 7. 0-0 0-0 8. Re1 Nc6 9. Nb3 Be6 10. Bf1 a5 11. a4 Rc8 12. Nd5 Nb4 13. Nxb4 axb4 14. Qd4 Rxc2 15. Qxb4 Ng4 16. Nd4 Rc5 17. h3 Ne5 18. Be3 Bc4 19. Qxb7 e6 20. Nb5 Bxf1 21. Rxf1 Rc2 22. b3 Qh4 23. Nd4 Rcc8 24. a5 Rb8 25. Qc7 Qxe4 26. a6 Ng4 27. hxg4 Bxd4 28. Ra4 e5 29. Qxd6 Kg7 30. Rxd4 exd4 31. Bxd4+ f6 32. g5 Kg8 33. gxf6 Qe8 34. Bc5 Rf7 35. Rd1 h6 36. Qd5 Ra8 37. Ra1 Kh7 38. Be7 Ra7 39. Qc5 Qb8 40. b4 Rc7 41. a7 1-0

[Event "Gausdal Classics IM"]
[Site "Gausdal"]
[Date "2003.04.03"]
[Round "1"]
[White "Hersvik, Daniel"]
[Black "Johannesson, Ingvar Thor"]
[Result "1/2-1/2"]
[WhiteElo "2304"]
[BlackElo "2263"]
[PlyCount "107"]
[EventDate "2003.04.03"]
[EventType "tourn"]
[EventRounds "11"]
[EventCountry "NOR"]
[EventCategory "2"]
[SourceTitle "CBM 093 Extra"]
[Source "ChessBase"]
[SourceDate "2003.05.09"]
[SourceVersion "1"]
[SourceVersionDate "2003.05.09"]
[SourceQuality "1"]

1. e4 e6 2. d3 d5 3. Qe2 Nf6 4. Nf3 Be7 5. g3 b6 6. e5 Nfd7 7. Bg2 Nc6 8. h4 h6 9. Bf4 a5 10. Nc3 Ba6 11. a4 Nb4 12. Nb5 Nc5 13. 0-0 Nxa4 14. Rxa4 Bxb5 15. Raa1 c5 16. Qd2 Rc8 17. Rfd1 d4 18. h5 Bc6 19. c3 Nd5 20. cxd4 Nxf4 21. Qxf4 Bxf3 22. Qxf3 cxd4 23. Rac1 0-0 24. Qe4 Qd7 25. Qb7 Qxb7 26. Bxb7 Rc5 27. Rxc5 Bxc5 28. Rc1 Rb8 29. Bc6 Rc8 30. Bb5 Rc7 31. Kg2 Kf8 32. Kf3 Ke7 33. Ke4 f5+ 34. Kf3 Ra7 35. b3 Ra8 36. Ke2 Rd8 37. f4 Rg8 38. b4 axb4 39. Ra1 Rd8 40. Ra7+ Kf8 41. Bd7 Kf7 42. Bc8+ Be7 43. Rc7 b3 44. Kd1 b2 45. Kc2 Rd5 46. Kxb2 Rc5 47. Rxc5 Bxc5 48. Kb3 Ke7 49. Kc4 Ba3 50. Kxd4 Bc5+ 51. Kc4 Bf2 52. d4 Bxg3 53. d5 exd5+ 54. Kxd5 1/2-1/2

[Event "Olympiad-35"]
[Site "Bled"]
[Date "2002.10.30"]
[Round "5.4"]
[White "Hersvik, Daniel"]
[Black "Slipak, Sergio"]
[Result "0-1"]
[WhiteElo "2311"]
[BlackElo "2498"]
[PlyCount "132"]
[EventDate "2002.10.26"]
[EventType "team-swiss"]
[EventRounds "14"]
[EventCountry "SLO"]
[SourceTitle "EXT 2003"]
[Source "ChessBase"]
[SourceDate "2002.11.25"]
[SourceVersion "1"]
[SourceVersionDate "2002.11.25"]
[SourceQuality "1"]
[WhiteTeam "Norway"]
[BlackTeam "Argentina"]
[WhiteTeamCountry "NOR"]
[BlackTeamCountry "ARG"]

1. e4 c6 2. d4 d5 3. e5 Bf5 4. Nf3 e6 5. Be2 Nd7 6. 0-0 Bg6 7. c3 Nh6 8. b4 Nf5 9. a3 a5 10. Bb2 h5 11. Nbd2 Be7 12. Nb3 b6 13. Qd2 0-0 14. c4 dxc4 15. Bxc4 a4 16. Nc1 h4 17. Ne2 Bh5 18. Qc3 h3 19. gxh3 c5 20. d5 b5 21. dxe6 bxc4 22. exd7 cxb4 23. axb4 Bxb4 24. Qxb4 Bxf3 25. Qxc4 Qxd7 26. Ng3 Nd4 27. e6 Nxe6 28. Qc3 Qd5 29. Ra3 Rfb8 30. Qxf3 Qxf3 31. Rxf3 Rxb2 32. Ra1 Nd4 33. Rf4 Rb4 34. Ra3 Nc2 35. Rxb4 Nxa3 36. Ne2 Nc2 37. Rb2 a3 38. Rxc2 a2 39. Rxa2 Rxa2 40. Nf4 Ra3 41. Kg2 Kf8 42. Nd5 Rb3 43. Ne3 Ke7 44. Nf5+ Kf6 45. Nd4 Rd3 46. Nf3 Kf5 47. Ne1 Rc3 48. Nf3 f6 49. Ng1 Ke4 50. Ne2 Ra3 51. Ng3+ Ke5 52. Nf1 Rd3 53. Ne3 f5 54. Nf1 g5 55. Ng3 f4 56. Nf1 Kd4 57. h4 gxh4 58. h3 f3+ 59. Kg1 Rd1 60. Kh2 Kd3 61. Ne3 Rd2 62. Kg1 Ke2 63. Nf5 Rd1+ 64. Kh2 Kxf2 65. Nxh4 Ke2 66. Nxf3 Kxf3 0-1

[Event "NATO-ch 13th"]
[Site "Brest"]
[Date "2002.10.11"]
[Round "7.1"]
[White "Hersvik, Daniel"]
[Black "Helbig, Mark"]
[Result "1/2-1/2"]
[WhiteElo "2311"]
[BlackElo "2226"]
[PlyCount "107"]
[EventDate "2002.10.07"]
[EventType "swiss"]
[EventRounds "7"]
[EventCountry "FRA"]
[SourceTitle "EXT 2003"]
[Source "ChessBase"]
[SourceDate "2002.11.25"]
[SourceVersion "1"]
[SourceVersionDate "2002.11.25"]
[SourceQuality "1"]

1. e4 e5 2. Nc3 Nc6 3. Nf3 Nf6 4. a3 Be7 5. d4 exd4 6. Nxd4 d6 7. Bc4 0-0 8. 0-0 Nxd4 9. Qxd4 Be6 10. Nd5 Nxd5 11. Bxd5 Bf6 12. Qd3 Bxd5 13. exd5 Qd7 14. Qb3 c5 15. dxc6 bxc6 16. Qf3 Rfe8 17. c3 Re6 18. Rd1 Rae8 19. Be3 Re4 20. h3 a5 21. Rd3 d5 22. Qd1 Qf5 23. b4 axb4 24. axb4 h6 25. b5 cxb5 26. Rxd5 Qc8 27. Rxb5 Qxc3 28. Rc1 Qa3 29. Rb7 R4e7 30. Rxe7 Qxe7 31. Qg4 Qe6 32. Qxe6 Rxe6 33. Rc7 Re7 34. Rxe7 Bxe7 35. g3 h5 36. Kg2 f5 37. Kf3 g6 38. Kf4 Kf7 39. Ke5 Bb4 40. Bd4 Bf8 41. Be3 Bg7+ 42. Kf4 Bh6+ 43. Kf3 Bg7 44. Bg5 Bf8 45. Ke3 Bc5+ 46. Ke2 Bf8 47. Kd3 Bc5 48. Be3 Bf8 49. Kd4 Bg7+ 50. Kd5 Bf8 51. Bc5 Bg7 52. Bd4 Bf8 53. Bc5 Bg7 54. Bd4 1/2-1/2

[Event "NATO-ch 13th"]
[Site "Brest"]
[Date "2002.10.??"]
[Round "3.1"]
[White "Hersvik, Daniel"]
[Black "Hammond, Andrew JC"]
[Result "0-1"]
[WhiteElo "2311"]
[BlackElo "2206"]
[PlyCount "70"]
[EventDate "2002.10.07"]
[EventType "swiss"]
[EventRounds "7"]
[EventCountry "FRA"]
[SourceTitle "EXT 2003"]
[Source "ChessBase"]
[SourceDate "2002.11.25"]
[SourceVersion "1"]
[SourceVersionDate "2002.11.25"]
[SourceQuality "1"]

1. e4 c5 2. Nf3 e6 3. d4 cxd4 4. Nxd4 Nc6 5. Nc3 a6 6. Be3 Nge7 7. Qd2 Nxd4 8. Bxd4 Nc6 9. Be3 Bb4 10. a3 Be7 11. Na4 0-0 12. Nb6 Rb8 13. 0-0-0 Qc7 14. h4 Ne5 15. Be2 d6 16. f4 Nd7 17. Nxd7 Bxd7 18. h5 Rfc8 19. Ba7 Ra8 20. Bd4 h6 21. Bd3 e5 22. Be3 b5 23. g4 b4 24. Qxb4 Rab8 25. Qd2 Qb7 26. c3 d5 27. fxe5 dxe4 28. Bb1 Bxa3 29. Rh2 Bxg4 30. Rg1 Bxb2+ 31. Qxb2 Rxc3+ 32. Qxc3 Qxb1+ 33. Kd2 Rb2+ 34. Qxb2 Qxb2+ 35. Ke1 Qxh2 0-1